000
00304nam a2200133Ia 4500
003
OSt
008
191201s2016 xx 000 0 und d
100
_a
GRAHM, Benjamin
245
0
_a
Intelligent Investor
260
_a
N. Delhi
_b
Harper Business
_c
2016
300
_a
623
650
_a
NCFM
942
_2
ddc
_c
BK
999
_c
6671
_d
6671